00779 2200205 4500001002100000005001500021035002000036007000300056008004100059020001800100082001900118084002500137100001900162245022100181250002000402260004500422300006200467650002000529990002400549INLIS00000000001110620251124023457 a0010-1125000004ta251124 g 0 ind  a9786232310995 a347.014 026 43 a347.014 026 43 MAR k0 aMardian Wibowo1 aKebijakan hukum terbuka dalam putusan Mahkamah Konstitusi konsep dan kajian dalam pembatasan kebebasan pembentuk undang-undang :bkonsep dan kajian dalam pembatasan kebebasan pembentuk undang-undang /cMardian Wibowo aEd.1, Cet. ke-1 aDepok :bPT. Rajagrafindo Persada,c2019 axxvi, 402 hlm.; 23 cm :bIlustrasi ;c23 cmehal. 381-400 4aKeputusan Hakim a27519/MKRI-P/X/2025